000 00963cam a22003017a 4500
003 CHAP
005 20220329140907.0
008 971013s1978 r 00010 d
010 _a59426
011 _a60398
035 _a64560
040 _cCHAP
082 _a634
_bL5
100 0 0 _aLlacer, Gerardo.
_967226
245 1 4 _aLas virosis y micoplasmosis de los árboles frutales
260 _aMadrid :
_bInstituto Nacional de Investigacoines Agrarias,
_c1978
300 _a251 p.
_b: ilus.
590 _aBATCH-UPD
_b10
_c20130109
_lUCH01
_h2351
590 _aBATCH-UPD
_b10
_c20130110
_lUCH01
_h0605
590 _aCONVERSION
_b10
_c20130109
_lUCH01
_h1332
650 1 4 _aArboles frutales
_xEnfermedades por virus.
_96675
650 1 4 _aMicoplasma.
_975483
650 1 4 _aVirus.
_9119936
901 _aBK
942 _cLIBRO
949 _a634 L5
_bBC
_cLIBRO
_d-140995
_eLIBRO
_h48522
_i64560
_si
949 _a634 L5
_bBC
_cLIBRO
_d33724000201851
_eLIBRO
_fc.2
_h48523
_i64560
_si
999 _c59426
_d59426